000 00611nam a2200229Ia 4500
003 OSt
005 20221005070107.0
006 a|||||r|||| 00| 0
007 ta
008 221004b |||||||| |||| 00| 0 guj d
024 _a40785
037 _cTextual
040 _aCRL
_cCRL
_bguj
041 _2guj
_aguj
082 _aO156,3N21,3, K9
100 _aJoshi Suresh Au.
_9155702
245 0 _aKathopakathan
260 _aMumbai
_bR.R.Senthni Co. India
_c1971
650 _aGUJRATI LITERATURE
942 _hO156,3N21,3, K9
_cTEXL
_2cc
999 _c975656
_d975656